Most Popular Boy's names in the US since 1879 - Statistics

General Stats
  • This quiz has been taken 433 times
  • The average score is 18 of 25
Answer Stats
Hint Answer % Correct
5,106k 2nd place John
96%
5,136k 1st place James
90%
4,088k 5th place William
87%
4,338k 4th place Michael
85%
3,601k 6th place David
83%
1,461k 14th place George
81%
2,298k 10th place Thomas
81%
1,410k 16th place (TRUMP) Donald
80%
4,809k 3rd place Robert
80%
1,385k 17th place Paul
79%
2,379k 9th place Charles
77%
1,579k 13th place Matthew
76%
2,561k 8th place Richard
76%
1,348k 18th place Mark
73%
1,286k 19th place Edward
72%
1,276k 21st place Andrew
71%
1,896k 12th place Daniel
71%
2,593k 7th place Joseph
67%
2,014k 11th place Christopher
66%
1,278k 20th place Steven
66%
1,424k 15th place Anthony
52%
1,163k 24th place Kevin
49%
1,194k 23rd place Joshua
47%
1,162k 25th place Brian
45%
1,271k 22th place Kenneth
36%
No matching quizzes found
Score Distribution
Percent of People with Each Score
Percentile by Number Answered
Your Score History
You have not taken this quiz